| 000 | 00743nam a22002177a 4500 | ||
|---|---|---|---|
| 005 | 20161128142853.0 | ||
| 008 | 120401s2010 ii|||||r|||| 001 0 eng d | ||
| 020 | _a8126520698 | ||
| 020 | _a9788126520695 | ||
| 082 |
_222 _a005.8 _bMAN |
||
| 100 |
_929538 _aManvi, Sunilkumar S. |
||
| 245 |
_aWireless And Mobile Networks: Concepts And Protocols \ _cby Sunilkumar S. Manvi, Mahabaleshwar S. Kakkasageri |
||
| 260 |
_aNew Delhi : _bWiley, _c2010. |
||
| 300 |
_a419 p. : _bill., _c24 cm. |
||
| 504 | _aIncludes bibliographical references and index. | ||
| 650 |
_912950 _aWireless communication systems. |
||
| 653 |
_bGeneral _cApril2012 |
||
| 650 |
_918247 _aWireless LANs |
||
| 700 |
_929539 _aKakkasageri, Mahabaleshwar S. |
||
| 942 |
_2ddc _cBB |
||
| 999 |
_c16621 _d16621 |
||